Geography Quiz

Random Geography or State Quiz

Idaho Letter Buddies Quiz Stats

 Plays Quiz not verified by Sporcle

Challenge
Share
Tweet
Embed
Score 0/10 Timer 03:00
0 Plays Today
Type State % Correct
Can you name …None
100%
any state with the …None
100%
any state with the …None
100%
Can you name …IL, IN, IA
91.7%
any state with the …CO, NM, OH
75%
Can you name …AL, AK, UT
72.2%
Can you name …MI, NH, UT, WA
69.4%
any state with the …AL, CO, DE, HI, IN, LA, MD, MT, NV, RI
69.4%
Can you name …AZ, MO, NY, OR, VT, WI
63.9%
any state with the …AZ, IL
61.1%

You're not logged in!

Compare scores with friends on all Sporcle quizzes.
OR
Log In

You Might Also Like...

Show Comments

Extras

Top Quizzes Today


Score Distribution

Your Account Isn't Verified!

In order to create a playlist on Sporcle, you need to verify the email address you used during registration. Go to your Sporcle Settings to finish the process.

Report this User

Report this user for behavior that violates our Community Guidelines.

Details: